Inventing Eastern Europe : the map of civilization on the mind of the enlightenment

Αποθηκεύτηκε σε:
Λεπτομέρειες βιβλιογραφικής εγγραφής
Κύριος συγγραφέας: Wolff, Larry
Μορφή: Βιβλίο
Γλώσσα:English
Δημοσίευση: Stanford : Stanford University Press, c1994
Θέματα:
Ετικέτες: Προσθήκη ετικέτας
Δεν υπάρχουν, Καταχωρήστε ετικέτα πρώτοι!

MARC

LEADER 00000cam a2200000 i 4500
001 1/91647
008 991027s1994 eng d
020 |a 0-8047-2702-3 
035 |l 10053696 
040 |a GR-MY-UA  |b gre  |e aacr 
041 0 |a eng 
082 0 |a 947 
100 1 |a Wolff, Larry. 
245 1 0 |a Inventing Eastern Europe :  |b the map of civilization on the mind of the enlightenment /  |c Larry Wolff 
260 |a Stanford :   |b Stanford University Press,   |c c1994 
300 |a 419 p.  |b fig. 
504 |a Includes index 
651 0 |a Europe, Eastern  |x Description and travel. 
651 0 |a Europe, Eastern  |x Civilization  |y 18th century. 
852 |a INST  |b LESVOS  |e 19991027  |h 947 WOL  |p 005100019040  |q 005100019040  |t BK  |y 0 
901 |a BIBL1-1999-3 
909 |a Λ  |b 069506 
970 |a ΜΟΥΣΤΑΚΑ  |b ΠΗΝΕΛΟΠΗ  |z 1999/10/27